书目信息 |
| 题名: |
第四届建筑创作奖精选
|
|
| 作者: | 周畅 , 米祥友 主编 | |
| 分册: | ||
| 出版信息: | 北京 中国建筑工业出版社 2007.03 |
|
| 页数: | 215页 | |
| 开本: | 29cm | |
| 丛书名: | ||
| 单 册: | ||
| 中图分类: | TU206 | |
| 科图分类: | ||
| 主题词: | 建筑设计--jian zhu she ji--中国--现代--作品集 | |
| 电子资源: | ||
| ISBN: | 978-7-112-08708-2 | |
| 000 | 00908nam0 2200241 450 | |
| 001 | 012007609972 | |
| 005 | 20240327095708.12 | |
| 010 | @a978-7-112-08708-2@b精装@dCNY148.00 (含光盘) | |
| 100 | @a20070712d2007 km y0chiy0120 ea | |
| 101 | 0 | @achi |
| 102 | @aCN@b110000 | |
| 105 | @aa z 000yy | |
| 200 | 1 | @a第四届建筑创作奖精选@Adi si jie jian zhu chuang zuo jiang jing xuan@f周畅, 米祥友主编@Fzhou chang,mi xiang you zhu bian |
| 210 | @a北京@c中国建筑工业出版社@d2007.03 | |
| 215 | @a215页@c图@d29cm@e光盘1片 | |
| 307 | @a光盘 ISBN : 978-7-900-77-6 | |
| 330 | @a本书是一部中国现代建筑设计作品集,书中介绍了“第四届建筑创作奖”的部分获得优秀奖和佳作奖的建筑设计作品。 | |
| 606 | 0 | @a建筑设计@Ajian zhu she ji@y中国@z现代@j作品集 |
| 690 | @aTU206@v4 | |
| 701 | 0 | @a周畅@Azhou chang@4主编 |
| 701 | 0 | @a米祥友@Ami xiang you@4主编 |
| 801 | 0 | @aCN@b河南城建学院图书馆@c20070926 |
| 905 | @dTU206@eZ752 | |
| 第四届建筑创作奖精选/周畅, 米祥友主编.-北京:中国建筑工业出版社,2007.03 |
| 215页:图;29cm+光盘1片 |
| ISBN 978-7-112-08708-2(精装):CNY148.00 (含光盘) |
| 本书是一部中国现代建筑设计作品集,书中介绍了“第四届建筑创作奖”的部分获得优秀奖和佳作奖的建筑设计作品。 |
| ● |
| 相关链接 |
|
|
|
正题名:第四届建筑创作奖精选
索取号:TU206/Z752
 
预约/预借
| 序号 | 登录号 | 条形码 | 馆藏地/架位号 | 状态 | 备注 |
| 1 | 1307381 | 213073813 | 建筑库101/101建筑库 44排5列4层/ [索取号:TU206/Z752] | 在馆 | |
| 2 | 1307382 | 213073822 | 建筑库101/101建筑库 44排5列4层/ [索取号:TU206/Z752] | 在馆 | |
| 3 | 1307383 | 213073831 | 建筑库101/101建筑库 44排5列4层/ [索取号:TU206/Z752] | 在馆 | |
| 4 | 1307384 | 213073840 | 建筑库101/101建筑库 44排5列4层/ [索取号:TU206/Z752] | 在馆 | |
| 5 | 1307385 | 213073859 | 建筑库101/101建筑库 44排5列4层/ [索取号:TU206/Z752] | 在馆 | |
| 6 | 1550453 | 215504531 | 建筑库101/101建筑库 44排5列4层/ [索取号:TU206/Z752] | 在馆 | |
| 7 | 1550454 | 215504540 | 建筑库101/101建筑库 44排5列4层/ [索取号:TU206/Z752] | 在馆 | |
| 8 | 1550455 | 215504559 | 建筑库101/101建筑库 44排5列4层/ [索取号:TU206/Z752] | 在馆 | |
| 9 | 1550456 | 215504568 | 建筑库101/101建筑库 44排5列4层/ [索取号:TU206/Z752] | 在馆 | |
| 10 | 1550457 | 215504577 | 建筑库101/101建筑库 44排5列4层/ [索取号:TU206/Z752] | 在馆 | |
| 11 | 245020 | 202450203 | 建筑库101/101建筑库 44排5列4层/ [索取号:TU206/Z752] | 在馆 |